Príjmy fyzických osôb oslobodené od dane

Oslobodenie príjmov od dane v súčasnej platnej legislatíve, respektíve významné zmeny počas posledného obdobia, ktoré sa vyskytli v zákone o dani z príjmov.

Salvato in:
Dettagli Bibliografici
Autore principale: Borza, Michal
Natura: Capitolo di libro
Lingua:slovacco
Soggetti:
Tags: Aggiungi Tag
Nessun Tag, puoi essere il primo ad aggiungerne!!

MARC

LEADER 00000nla a2200000 4500
001 0162161
005 20240502072817.6
041 0 |a slo 
044 |a SK 
245 1 0 |a Príjmy fyzických osôb oslobodené od dane  |c Michal Borza 
520 |a Oslobodenie príjmov od dane v súčasnej platnej legislatíve, respektíve významné zmeny počas posledného obdobia, ktoré sa vyskytli v zákone o dani z príjmov. 
610 2 0 |a dane 
610 2 0 |a dane z príjmov 
610 2 0 |a daňovníci 
610 2 0 |a povinnosť daňová 
610 2 0 |a obdobie zdaňovacie 
610 2 0 |a zaťaženie daňové 
610 2 0 |a oslobodenie od daní 
100 1 |a Borza, Michal